000 00960nas a2200277 4500
001 BR8501669
003 BR-BrBNA
005 20231205090146.0
007 ta
008 230509b bl.|||p| |||| 00| 00por d
040 _aBR-BrBNA
_bpor
_cBiblioteca Nacional de Agricultura
041 _a(Pt)
072 _aH10
100 1 _aFerraz, E.C.A.
100 1 _aAbreu, J.M. de
111 1 _a8. Congresso Brasileiro de Entomologia
_cBrasilia, DF (Brazil)
_d30 Jan - 4 Feb 1983
245 1 _aOcorrencia de Halisidota sp. (Lepidoptera: Arctiidae e seus parasitoides em cacauais do sul da Bahia e avaliacao de inseticidas para o seu combate [Brasil]
650 _aCACAU
650 _aINSETO
650 _aLEPIDOPTERO
650 _aINSETICIDA
773 0 _tRevista Theobroma (Brazil)
_xISSN 0370-7962
_g(Jul-Sep 1984), v. 14(3) p. 193-197
_wBR8501669
856 4 0 _dLink DSPACE/MAPA BR8501669
909 _a202311
_bLúcia
_c55
_dLúcia Elande
942 _2AGRIS
_n0
_cANA
999 _c116470
_d116470